| 000 | 00397nam a2200157Ia 4500 | ||
|---|---|---|---|
| 003 | GCL | ||
| 008 | 140319s9999 xx 000 0 eng d | ||
| 040 |
_aGCL / _cGCL |
||
| 082 | 0 | 4 |
_a551.6 _bK O |
| 100 | 1 | _aKANDEL, ROBERT | |
| 245 | 1 | 0 |
_aOUR CHANGING CLIMATE / _cKANDEL, ROBERT |
| 260 |
_a[S.N] : _bMC GRAW - HILL ، _c1992 |
||
| 300 | _a126 P | ||
| 650 | 0 | 4 | _aCLIMACTIC CHANGES |
| 942 |
_2ddc _cBK |
||
| 999 |
_c21074 _d21074 |
||